Borges y Góngora : un diálogo posible /

Detalles Bibliográficos
Autor principal: Tenorio, Martha Lilia (Autor)
Formato: Electrónico eBook
Lenguaje:español
Publicado: Ciudad de México, México : El Colegio de México, [2023]
Edición:Primera edición electrónica.
Colección:Serie Estudios de lingüística y literatura ; 73.
Materias:
Acceso en línea:Digitalia Hispánica

MARC

LEADER 00000nam a2200000 i 4500
001 DIGCOLMX0487
003 NyNyDIG
006 m o d
007 cr |||||||||||
008 231209t20232022mx ob 001 0 spa d
035 |a (OCoLC)1414667436 
040 |a DGITA  |b eng  |e rda  |e pn  |c DGITA 
020 |a 9786075645049  |q electrónico 
020 |z 9786075643632  |q impreso 
050 1 4 |a PQ7797.B635 ebook 
100 1 |a Tenorio, Martha Lilia,  |e author. 
245 1 0 |a Borges y Góngora :  |b un diálogo posible /  |c Martha Lilia Tenorio. 
250 |a Primera edición electrónica. 
264 1 |a Ciudad de México, México :  |b El Colegio de México,  |c [2023] 
264 4 |c ©2022 
300 |a 1 online resource. 
336 |a text  |b txt  |2 rdacontent 
337 |a computer file  |b c  |2 rdamedia 
338 |a online resource  |b cr  |2 rdacarrier 
347 |a text file  |2 rdaft 
347 |b EPUB 
490 1 |a Serie Estudios de lingüística y literatura ;  |v LXXIII 
504 |a Includes bibliographical references and Index. 
588 0 |a Online resource; title from ePub title page (Digitalia, viewed December 9, 2023) 
600 1 0 |a Borges, Jorge Luis,  |d 1899-1986  |x Criticism and interpretation. 
600 1 0 |a Góngora y Argote, Luis de,  |d 1561-1627  |x Criticism and interpretation. 
650 0 |a Influence (Literary, artistic, etc.) 
776 0 8 |i Print version:  |a Tenorio, Martha Lilia.  |t Borges y Góngora.  |b Primera edición impresa.  |d Ciudad de México, México : El Colegio de México, 2022  |z 9786075643632 
791 2 |a Digitalia (Firm),  |e distributor. 
793 0 |g Digitalia eBook Collection:  |a El Colegio de México 
830 0 |a Serie Estudios de lingüística y literatura ;  |v 73. 
856 4 0 |3 Digitalia Hispánica  |u https://www.digitaliapublishing.com/a/131856/ 
910 |a Premium collection: 2023